First studies in biblical hebrew / (Record no. 72234)
[ view plain ]
| 000 -LEADER | |
|---|---|
| fixed length control field | 00690nam a22002417a 4500 |
| 003 - CONTROL NUMBER IDENTIFIER | |
| control field | SEM |
| 005 - DATE AND TIME OF LATEST TRANSACTION | |
| control field | 20220608074949.0 |
| 008 - FIXED-LENGTH DATA ELEMENTS--GENERAL INFORMATION | |
| fixed length control field | 220208s1996 uk ||||gr|||||00| 0 eng|d |
| 020 ## - INTERNATIONAL STANDARD BOOK NUMBER | |
| International Standard Book Number | 0704404060 |
| 040 ## - CATALOGING SOURCE | |
| Original cataloging agency | SEM |
| Transcribing agency | SEM |
| 041 ## - LANGUAGE CODE | |
| Language code of text/sound track or separate title | eng |
| 080 ## - UNIVERSAL DECIMAL CLASSIFICATION NUMBER | |
| Universal Decimal Classification number | 809.245/E-13 |
| 100 ## - MAIN ENTRY--PERSONAL NAME | |
| Personal name | Eaton J. H. |
| 245 ## - TITLE STATEMENT | |
| Title | First studies in biblical hebrew / |
| Statement of responsibility, etc. | J. H. Eaton |
| 250 ## - EDITION STATEMENT | |
| Edition statement | Reprinted |
| 260 ## - PUBLICATION, DISTRIBUTION, ETC. | |
| Place of publication, distribution, etc. | Birmingham : |
| Name of publisher, distributor, etc. | The University of Birmingham, |
| -- | Sheffield academic press, |
| -- | Department of theology, |
| Date of publication, distribution, etc. | 1996. |
| 300 ## - PHYSICAL DESCRIPTION | |
| Extent | VIII+143 p. ; |
| Dimensions | 28 cm |
| 490 ## - SERIES STATEMENT | |
| Series statement | University semitic study aids |
| 650 ## - SUBJECT ADDED ENTRY--TOPICAL TERM | |
| Topical term or geographic name entry element | Hebrew |
| 653 ## - INDEX TERM--UNCONTROLLED | |
| Uncontrolled term | ՍԷՄ |
| 830 ## - SERIES ADDED ENTRY--UNIFORM TITLE | |
| Uniform title | University semitic study aids |
| 942 ## - ADDED ENTRY ELEMENTS (KOHA) | |
| Source of classification or shelving scheme | Universal Decimal Classification |
| Koha item type | Գրքեր/Books |
| Withdrawn status | Lost status | Source of classification or shelving scheme | Damaged status | Not for loan | Collection code | Home library | Current library | Date acquired | Cost, normal purchase price | Inventory number | Total Checkouts | Full call number | Barcode | Date last seen | Price effective from | Koha item type | Public note |
|---|---|---|---|---|---|---|---|---|---|---|---|---|---|---|---|---|---|
| Universal Decimal Classification | Գրապահոց | Մայր Աթոռ Սուրբ Էջմիածին «Վաչե և Թամար Մանուկյան» Մատենադարան | Մայր Աթոռ Սուրբ Էջմիածին «Վաչե և Թամար Մանուկյան» Մատենադարան | 08/02/2022 | 1500.00 | E-5472 | 809.245/E-13 | E-5472 | 08/02/2022 | 08/02/2022 | Գրքեր/Books | Սպասարկվում է ընթերցասրահ |